[Event "British Universities-ch"]
[Site "Chess.com INT"]
[Date "2022.03.05"]
[Round "4.4"]
[White "Coleridge, Tommy"]
[Black "Alhinaai, Younis"]
[Result "1-0"]
[WhiteElo "1554"]
[BlackElo "1185"]
[PlyCount "107"]
[EventDate "2022.03.05"]
[EventType "swiss"]
[EventRounds "9"]
[EventCountry "ENG"]
[SourceTitle "EXT 2023"]
[Source "ChessBase"]
[SourceDate "2022.10.05"]
[SourceVersion "1"]
[SourceVersionDate "2022.10.05"]
[SourceQuality "1"]
[WhiteTeam "Reading"]
[BlackTeam "Swansea"]
[WhiteTeamCountry "ENG"]
[BlackTeamCountry "WLS"]

1. e4 g6 2. d4 Bg7 3. c3 d6 4. Nf3 Nf6 5. Bd3 Nbd7 6. 0-0 0-0 7. Bg5 b6 8. Nbd2 Bb7 9. Re1 Re8 10. h3 Qc8 11. Qc2 e5 12. Rac1 a5 13. a3 h6 14. Be3 Nf8 15. Nf1 N8d7 16. Qd2 Kh7 17. Ng3 exd4 18. Nxd4 Ne5 19. Bb1 Nc4 20. Qc2 Nxe4 21. Nxe4 Bxe4 22. Qb3 Bxb1 23. Qxc4 Be4 24. Qxf7 d5 25. Qf4 g5 26. Qg3 Be5 27. Qg4 Qxg4 28. hxg4 c5 29. Ne2 Rad8 30. f3 Bd3 31. Kf2 Bxe2 32. Rxe2 d4 33. cxd4 Bxd4 34. Bxd4 Rxe2+ 35. Kxe2 Rxd4 36. Ke3 Kg6 37. Rc2 Kf6 38. g3 Ke6 39. f4 gxf4+ 40. gxf4 Kf6 41. Rh2 Kg6 42. f5+ Kg5 43. f6 Rxg4 44. f7 Rf4 45. Rf2 Rf6 46. Rxf6 Kxf6 47. f8Q+ Kg6 48. Qb8 h5 49. Qxb6+ Kg5 50. Qxc5+ Kg4 51. Kf2 h4 52. Qxa5 h3 53. Qb4+ Kg5 54. Kg3 1-0

[Event "British Universities-ch"]
[Site "Chess.com INT"]
[Date "2022.03.05"]
[Round "2.3"]
[White "Coleridge, Tommy"]
[Black "Lee, Rui Zhe Nicholas"]
[Result "0-1"]
[WhiteElo "1554"]
[BlackElo "1569"]
[PlyCount "126"]
[EventDate "2022.03.05"]
[EventType "swiss"]
[EventRounds "9"]
[EventCountry "ENG"]
[SourceTitle "EXT 2023"]
[Source "ChessBase"]
[SourceDate "2022.10.05"]
[SourceVersion "1"]
[SourceVersionDate "2022.10.05"]
[SourceQuality "1"]
[WhiteTeam "Reading"]
[BlackTeam "LSE"]
[WhiteTeamCountry "ENG"]
[BlackTeamCountry "ENG"]

1. e4 c6 2. d4 d5 3. e5 Bf5 4. h4 h6 5. Bd3 Bxd3 6. Qxd3 Nd7 7. Nf3 e6 8. Nbd2 c5 9. c3 Qb6 10. 0-0 Ne7 11. a4 Nf5 12. a5 Qc7 13. a6 Be7 14. axb7 Qxb7 15. h5 cxd4 16. cxd4 Bb4 17. Nb1 0-0 18. Nc3 Bxc3 19. bxc3 Rfc8 20. Bd2 Nb6 21. Rfb1 Qc7 22. Rb3 Nc4 23. Rab1 Rcb8 24. Be1 Ne7 25. Nd2 Nxd2 26. Bxd2 a5 27. g4 a4 28. Rxb8+ Rxb8 29. Ra1 Qa5 30. c4 Qa6 31. Ra3 dxc4 32. Qc2 Ra8 33. g5 hxg5 34. Bxg5 Nd5 35. h6 g6 36. h7+ Kxh7 37. Rh3+ Kg7 38. Bh6+ Kg8 39. f3 f5 40. exf6 Kf7 41. Rg3 Rg8 42. Bg7 Nf4 43. Rg4 Qd6 44. Rxf4 Qxf4 45. Qxc4 Qg5+ 46. Kf2 Qh4+ 47. Ke3 Qg5+ 48. f4 Qg3+ 49. Ke4 Qe1+ 50. Kf3 Qd1+ 51. Kf2 Qd2+ 52. Kf3 Qd1+ 53. Ke3 Qg1+ 54. Ke2 Qg2+ 55. Kd1 Qb7 56. Qxa4 Ra8 57. Qc4 Ra1+ 58. Kd2 Qg2+ 59. Ke3 Ra3+ 60. Qd3 Qg3+ 61. Ke4 Qxd3+ 62. Ke5 Ra6 63. f5 Qxf5# 0-1